|
|
|
|
| LEADER |
01104nam a2200277 a 4500 |
| 001 |
3313 |
| 003 |
BD-DhAAL |
| 005 |
20150607122411.0 |
| 008 |
150607r19991992cau 000 0 eng |
| 010 |
|
|
|a 98047908
|
| 020 |
|
|
|a 0787946591 (alk. paper)
|
| 040 |
|
|
|a DLC
|c DLC
|d DLC
|d BD-DhAAL
|
| 050 |
0 |
0 |
|a BV4832.2
|b .H277 1999
|
| 082 |
0 |
0 |
|a 242
|2 21
|
| 100 |
1 |
|
|a Handy, Charles B.
|9 11759
|
| 245 |
1 |
0 |
|a Waiting for the mountain to move :
|b reflections on work and life /
|c Charles Handy.
|
| 260 |
|
|
|a San Francisco :
|b Jossey-Bass,
|c c1999.
|
| 300 |
|
|
|a xxvi, 153 p. ;
|c 22 cm.
|
| 500 |
|
|
|a Originally published: London : Arrow, 1992.
|
| 541 |
|
|
|e 3313
|
| 650 |
|
0 |
|a Meditations.
|9 11760
|
| 650 |
|
0 |
|a Christian life.
|9 11761
|
| 942 |
|
|
|2 ddc
|c BK
|
| 999 |
|
|
|c 34636
|d 34636
|
| 952 |
|
|
|0 0
|1 0
|2 ddc
|4 0
|6 242_000000000000000_HAN
|7 0
|9 54095
|a SCL
|b SCL
|c GEN
|d 2015-06-07
|e Gift: The Asia Foundation
|l 0
|o 242 HAN
|p 3020003313
|r 2015-06-07
|t 1
|w 2015-06-07
|y BK
|
| 952 |
|
|
|0 0
|1 0
|2 ddc
|4 0
|6 242_000000000000000_HAN
|7 0
|9 54574
|a SCL
|b SCL
|c GEN
|d 2015-06-28
|e Gift: The Asia Foundation
|l 0
|o 242 HAN
|p 3020003305
|r 2015-06-28
|t 2
|w 2015-06-28
|y BK
|